Skiny do AWP - Statystyki

Ogólne statystyki
  • Ten quiz został rozwiązany 97 razy
  • Średni wynik to 15 z 31
Statystyki odpowiedzi
Cena (stan) Skin % Poprawnych
Nie ma na rynku Smocza wiedza
85%
280 (FT) Asiimov
81%
10 (FN) Siatka safari
80%
5500 (FT) Meduza
76%
7000 (MW) Książe
64%
270 (FN) Hiperbestia
60%
125 (MW) Czerwona linia
56%
50 (FN) Gałęźnica
54%
9 (FN) Robaczy bóg
52%
Nie ma na rynku Gungnir
51%
4 (MW) Skóra węża
51%
640 (FN) Bum
50%
200 (FN) Neo-noir
50%
60 (FN) Elitarny
49%
750 (FN) Uderzenie pioruna
48%
30 (FN) Mortis
46%
35 (FN) Gorączkowy sen
45%
17 (FN) Łapa
44%
440 (FN) Wildfire
44%
330 (FN) Grafit
43%
630 (FN) Naruszenie kwarantanny
43%
65 (MW) Okręt wojenny
43%
100 (FN) Elektryczny rój
39%
9 (FN) Fobos
39%
18 (FN) Kapilara
39%
265 (FN) Różowy DDPAT
38%
30 (FN) Słońce w znaku lwa
38%
615 (FN) Oni taiji
37%
80 (FN) Corticera
36%
22 (FN) Acheron
27%
380 (FN) Wężowy kamuflaż
25%
Nie znaleziono quizów pasujących do podanych kryteriów
Rozkład punktacji
Procent ludzi z każdym wynikiem
Percentyl według liczby udzielonych odpowiedzi
Twoja historia wyników
Nie rozwiązałeś tego quizu